[Event "Deutsche Ländermeisterschaft 2017"]
[Site "Hannover GER"]
[Date "2017.09.30"]
[Round "1"]
[White "Carnot, Luca"]
[Black "Schulze, Lara"]
[Result "1-0"]
[Termination "normal"]
[Board "3.3"]
[BlackTitle "WFM"]
[WhiteElo "1968"]
[BlackElo "2130"]
[WhiteClock "00:13:06"]
[BlackClock "00:01:24"]
[WhiteTeam "Thüringen"]
[BlackTeam "Niedersachsen"]
[PlyCount "166"]
[WhiteFideId "12958964"]
[BlackFideId "12956830"]
[EventCountry "GER"]
[EventRounds "7"]
[EventType "team-swiss"]
[EventDate "2017.09.29"]

1. Nf3 {[%clk 1:30:57]} d5 {[%clk 1:30:50]} 2. g3 {[%clk 1:31:21]} Bg4 {[%clk
1:31:07]} 3. Bg2 {[%clk 1:31:26]} Nd7 {[%clk 1:31:18]} 4. d4 {[%clk 1:31:23]}
c6 {[%clk 1:31:27]} 5. O-O {[%clk 1:29:40]} Ngf6 {[%clk 1:28:09]} 6. b3 {[%clk
1:21:33]} Bxf3 {[%clk 1:23:27]} 7. exf3 {[%clk 1:18:17]} e6 {[%clk 1:22:11]} 8.
Re1 {[%clk 1:17:45]} Bd6 {[%clk 1:20:09]} 9. f4 {[%clk 1:15:25]} O-O {[%clk
1:19:08]} 10. Qd3 {[%clk 1:14:32]} g6 {[%clk 1:10:17]} 11. Bb2 {[%clk 1:07:37]}
Ne8 {[%clk 1:04:46]} 12. Nd2 {[%clk 1:03:36]} Ng7 {[%clk 1:03:23]} 13. c4
{[%clk 1:01:21]} Nf6 {[%clk 0:53:23]} 14. Rac1 {[%clk 0:54:53]} Bb4 {[%clk
0:47:35]} 15. Re2 {[%clk 0:52:50]} Bxd2 {[%clk 0:47:01]} 16. Qxd2 {[%clk
0:52:27]} Qd7 {[%clk 0:43:43]} 17. Bf3 {[%clk 0:47:03]} Nf5 {[%clk 0:35:00]}
18. Rd1 {[%clk 0:43:55]} Rfd8 {[%clk 0:31:55]} 19. Qd3 {[%clk 0:40:42]} h5
{[%clk 0:24:55]} 20. h3 {[%clk 0:39:09]} Kg7 {[%clk 0:12:23]} 21. Kg2 {[%clk
0:38:38]} b6 {[%clk 0:10:31]} 22. Rc2 {[%clk 0:37:54]} Rac8 {[%clk 0:10:32]}
23. Qe2 {[%clk 0:35:50]} a5 {[%clk 0:05:57]} 24. Qe1 {[%clk 0:30:48]} Qc7
{[%clk 0:03:19]} 25. Bc3 {[%clk 0:29:54]} Ra8 {[%clk 0:03:09]} 26. Ba1 {[%clk
0:27:15]} Ne7 {[%clk 0:01:45]} 27. a3 {[%clk 0:25:35]} a4 {[%clk 0:01:14]} 28.
b4 {[%clk 0:25:53]} dxc4 {[%clk 0:00:53]} 29. Rxc4 {[%clk 0:26:16]} Nfd5 {[%clk
0:00:51]} 30. b5 {[%clk 0:26:11]} Qd6 {[%clk 0:00:50]} 31. bxc6 {[%clk
0:24:31]} Nxc6 {[%clk 0:01:10]} 32. Bb2 {[%clk 0:19:12]} Kg8 {[%clk 0:01:05]}
33. Bc3 {[%clk 0:15:28]} h4 {[%clk 0:01:07]} 34. Rb1 {[%clk 0:15:09]} Nce7
{[%clk 0:01:01]} 35. Bb4 {[%clk 0:15:09]} Nxb4 {[%clk 0:01:12]} 36. Bxa8 {[%clk
0:14:09]} Nbd5 {[%clk 0:00:41]} 37. Bb7 {[%clk 0:13:36]} Nf5 {[%clk 0:00:42]}
38. Kh2 {[%clk 0:13:19]} hxg3+ {[%clk 0:00:40]} 39. fxg3 {[%clk 0:13:44]} Nde3
{[%clk 0:00:38]} 40. Rxa4 {[%clk 0:10:41]} Qd7 {[%clk 0:00:45]} 41. Ra8 {[%clk
0:11:04]} Rxa8 {[%clk 0:29:36]} 42. Bxa8 {[%clk 0:41:53]} Qxd4 {[%clk 0:29:49]}
43. Rc1 {[%clk 0:38:32]} Qb2+ {[%clk 0:24:45]} 44. Kg1 {[%clk 0:36:20]} Nc2
{[%clk 0:21:10]} 45. Qd2 {[%clk 0:31:42]} Nfd4 {[%clk 0:18:56]} 46. Kf2 {[%clk
0:29:59]} Qxa3 {[%clk 0:15:51]} 47. Be4 {[%clk 0:27:58]} Qc5 {[%clk 0:09:21]}
48. Kg2 {[%clk 0:27:31]} b5 {[%clk 0:04:03]} 49. h4 {[%clk 0:24:34]} Qb4 {[%clk
0:02:18]} 50. Rxc2 {[%clk 0:23:44]} Nxc2 {[%clk 0:02:37]} 51. Qxc2 {[%clk
0:24:10]} f5 {[%clk 0:02:48]} 52. Bd3 {[%clk 0:24:19]} Kf7 {[%clk 0:01:49]} 53.
Qe2 {[%clk 0:24:38]} Qd4 {[%clk 0:02:04]} 54. Bxb5 {[%clk 0:24:51]} Qd5+ {[%clk
0:02:30]} 55. Kh2 {[%clk 0:25:03]} Kf6 {[%clk 0:02:39]} 56. Bc4 {[%clk
0:25:00]} Qd6 {[%clk 0:02:56]} 57. Qb2+ {[%clk 0:20:50]} Kf7 {[%clk 0:03:20]}
58. Qc3 {[%clk 0:20:56]} Qb6 {[%clk 0:03:21]} 59. Kg2 {[%clk 0:20:35]} Qc6+
{[%clk 0:03:36]} 60. Kf2 {[%clk 0:20:36]} Qc5+ {[%clk 0:03:04]} 61. Ke2 {[%clk
0:19:39]} Qc6 {[%clk 0:03:11]} 62. Qd3 {[%clk 0:17:55]} Qg2+ {[%clk 0:03:08]}
63. Kd1 {[%clk 0:18:18]} Qg1+ {[%clk 0:03:21]} 64. Kc2 {[%clk 0:18:31]} Qa7
{[%clk 0:01:56]} 65. Kc3 {[%clk 0:18:17]} Qa5+ {[%clk 0:01:50]} 66. Kb3 {[%clk
0:18:21]} Qb6+ {[%clk 0:02:02]} 67. Bb5 {[%clk 0:18:46]} Qc5 {[%clk 0:01:38]}
68. Qc4 {[%clk 0:14:37]} Qe3+ {[%clk 0:01:50]} 69. Qc3 {[%clk 0:15:01]} Qe4
{[%clk 0:01:20]} 70. Qc7+ {[%clk 0:13:19]} Kf6 {[%clk 0:00:39]} 71. Qd8+ {[%clk
0:13:31]} Kg7 {[%clk 0:00:43]} 72. Qd7+ {[%clk 0:13:20]} Kf6 {[%clk 0:01:05]}
73. Bc4 {[%clk 0:13:30]} Qe3+ {[%clk 0:01:21]} 74. Ka4 {[%clk 0:12:38]} Qe4
{[%clk 0:01:23]} 75. Kb5 {[%clk 0:12:14]} Qb1+ {[%clk 0:00:39]} 76. Kc5 {[%clk
0:12:37]} Qe1 {[%clk 0:00:57]} 77. Qxe6+ {[%clk 0:10:44]} Qxe6 {[%clk 0:01:25]}
78. Bxe6 {[%clk 0:11:07]} Kxe6 79. Kc6 {[%clk 0:11:31]} Ke7 {[%clk 0:00:44]}
80. Kd5 {[%clk 0:11:56]} Kf6 {[%clk 0:01:05]} 81. Kd6 {[%clk 0:12:21]} Kg7
{[%clk 0:01:08]} 82. Ke5 {[%clk 0:12:42]} Kh6 {[%clk 0:01:05]} 83. Kf6 {[%clk
0:13:06]} Kh5 {[%clk 0:01:24]} *

[Event "Deutsche Ländermeisterschaft 2017"]
[Site "Hannover GER"]
[Date "2017.09.30"]
[Round "1"]
[White "Polster, Christian"]
[Black "Schlick, Stefan"]
[Result "1-0"]
[Termination "normal"]
[Board "3.4"]
[WhiteTitle "FM"]
[WhiteElo "2144"]
[BlackElo "1973"]
[WhiteClock "00:11:13"]
[BlackClock "00:06:52"]
[WhiteTeam "Niedersachsen"]
[BlackTeam "Thüringen"]
[PlyCount "103"]
[WhiteFideId "12965081"]
[BlackFideId "16211332"]
[EventCountry "GER"]
[EventRounds "7"]
[EventType "team-swiss"]
[EventDate "2017.09.29"]

1. e4 {[%clk 1:30:57]} e5 {[%clk 1:30:48]} 2. Bc4 {[%clk 1:30:45]} Bc5 {[%clk
1:27:25]} 3. Nf3 {[%clk 1:29:13]} Nc6 {[%clk 1:27:32]} 4. c3 {[%clk 1:24:40]}
Nf6 {[%clk 1:27:56]} 5. d4 {[%clk 1:24:53]} exd4 {[%clk 1:28:15]} 6. cxd4
{[%clk 1:23:24]} Bb4+ {[%clk 1:28:40]} 7. Bd2 {[%clk 1:23:14]} Nxe4 {[%clk
1:28:54]} 8. Bxb4 {[%clk 1:23:33]} Nxb4 {[%clk 1:29:20]} 9. Bxf7+ {[%clk
1:22:54]} Kxf7 {[%clk 1:29:43]} 10. Qb3+ {[%clk 1:23:17]} d5 {[%clk 1:30:08]}
11. Qxb4 {[%clk 1:23:41]} Re8 {[%clk 1:29:58]} 12. O-O {[%clk 1:23:32]} c6
{[%clk 1:16:44]} 13. Nc3 {[%clk 1:22:15]} Nd6 {[%clk 0:46:54]} 14. Rfe1 {[%clk
1:17:07]} Rxe1+ 15. Rxe1 {[%clk 1:17:30]} Bf5 {[%clk 0:40:49]} 16. Ne2 {[%clk
1:06:29]} Qc7 {[%clk 0:36:32]} 17. g4 {[%clk 0:58:00]} Bd7 {[%clk 0:33:20]} 18.
Ne5+ {[%clk 0:54:54]} Kg8 {[%clk 0:32:47]} 19. Nf4 {[%clk 0:50:29]} Rf8 {[%clk
0:30:55]} 20. Nfd3 {[%clk 0:46:02]} Bc8 {[%clk 0:29:07]} 21. a4 {[%clk
0:41:28]} Qd8 {[%clk 0:27:47]} 22. f3 {[%clk 0:36:05]} Rf6 {[%clk 0:26:11]} 23.
Re2 {[%clk 0:34:03]} Rf8 {[%clk 0:25:23]} 24. Kg2 {[%clk 0:33:12]} a6 {[%clk
0:23:21]} 25. Qe1 {[%clk 0:31:53]} Qf6 {[%clk 0:23:24]} 26. Qg3 {[%clk
0:28:54]} Ne4 {[%clk 0:22:56]} 27. Qe1 {[%clk 0:27:08]} Nd6 {[%clk 0:23:18]}
28. Rf2 {[%clk 0:25:53]} Qh6 {[%clk 0:22:59]} 29. Qd2 {[%clk 0:23:27]} Qf6
{[%clk 0:21:15]} 30. b3 {[%clk 0:21:07]} Kh8 {[%clk 0:19:53]} 31. Qe3 {[%clk
0:17:10]} Kg8 {[%clk 0:19:05]} 32. Kf1 {[%clk 0:14:01]} Kh8 {[%clk 0:16:39]}
33. Ke1 {[%clk 0:11:38]} Kg8 {[%clk 0:16:56]} 34. Rg2 {[%clk 0:08:38]} Qh4+
{[%clk 0:16:05]} 35. Qf2 {[%clk 0:07:55]} Qd8 {[%clk 0:13:08]} 36. Qd2 {[%clk
0:06:42]} Qh4+ {[%clk 0:13:16]} 37. Kd1 {[%clk 0:06:46]} Qd8 {[%clk 0:12:12]}
38. Kc2 {[%clk 0:04:52]} Qf6 {[%clk 0:11:14]} 39. Qe1 {[%clk 0:02:21]} Qd8
{[%clk 0:07:35]} 40. Re2 {[%clk 0:01:23]} Qb6 {[%clk 0:06:47]} 41. Qb4 {[%clk
0:00:51]} Qd8 {[%clk 0:04:03]} 42. Qd2 {[%clk 0:00:52]} Qf6 {[%clk 0:02:19]}
43. Nc5 {[%clk 0:00:40]} Kh8 {[%clk 0:24:55]} 44. h4 {[%clk 0:25:56]} Kg8
{[%clk 0:24:30]} 45. Qg5 {[%clk 0:18:13]} Qf4 {[%clk 0:16:41]} 46. Ncd3 {[%clk
0:12:13]} Qxd4 {[%clk 0:10:24]} 47. Qe7 {[%clk 0:10:31]} Nf7 {[%clk 0:09:55]}
48. Nxf7 {[%clk 0:10:42]} Rxf7 {[%clk 0:10:11]} 49. Qd8+ {[%clk 0:11:03]} Rf8
{[%clk 0:10:35]} 50. Re8 {[%clk 0:11:21]} Qf6 {[%clk 0:06:28]} 51. Qxc8 {[%clk
0:11:43]} Qxf3 {[%clk 0:06:52]} 52. Rxf8+ {[%clk 0:11:13]} 1-0

[Event "Deutsche Ländermeisterschaft 2017"]
[Site "Hannover GER"]
[Date "2017.09.30"]
[Round "1"]
[White "Ratay, Meike"]
[Black "Pubantz, Jan"]
[Result "1/2-1/2"]
[Termination "normal"]
[Board "3.5"]
[WhiteElo "1812"]
[BlackElo "2030"]
[WhiteClock "00:28:01"]
[BlackClock "00:19:23"]
[WhiteTeam "Thüringen"]
[BlackTeam "Niedersachsen"]
[PlyCount "82"]
[WhiteFideId "12977608"]
[BlackFideId "12996114"]
[EventCountry "GER"]
[EventRounds "7"]
[EventType "team-swiss"]
[EventDate "2017.09.29"]

1. e4 {[%clk 1:30:58]} c6 {[%clk 1:30:47]} 2. Nc3 {[%clk 1:31:18]} d5 {[%clk
1:30:55]} 3. f4 {[%clk 1:31:31]} dxe4 {[%clk 1:00:58]} 4. Nxe4 {[%clk 1:31:53]}
Nf6 {[%clk 1:00:28]} 5. Nf2 {[%clk 1:31:43]} h5 {[%clk 0:47:26]} 6. Nf3 {[%clk
1:20:27]} Bf5 {[%clk 0:45:46]} 7. g3 {[%clk 1:11:42]} e6 {[%clk 0:39:30]} 8.
Bg2 {[%clk 1:09:42]} Nbd7 {[%clk 0:38:40]} 9. O-O {[%clk 1:07:31]} Bd6 {[%clk
0:36:15]} 10. b3 {[%clk 1:03:21]} O-O {[%clk 0:35:25]} 11. Bb2 {[%clk 1:01:47]}
Qc7 {[%clk 0:32:51]} 12. Qe2 {[%clk 0:52:56]} Rad8 {[%clk 0:20:38]} 13. Ne5
{[%clk 0:41:51]} Bb4 {[%clk 0:20:07]} 14. d3 {[%clk 0:31:37]} Nb6 {[%clk
0:12:57]} 15. Ne4 {[%clk 0:24:35]} Nbd5 {[%clk 0:11:52]} 16. Nxf6+ {[%clk
0:17:00]} Nxf6 {[%clk 0:10:28]} 17. Kh1 {[%clk 0:16:11]} Bc5 {[%clk 0:10:10]}
18. Rad1 {[%clk 0:13:38]} a5 {[%clk 0:06:50]} 19. d4 {[%clk 0:12:31]} Be7
{[%clk 0:06:55]} 20. c4 {[%clk 0:12:22]} a4 {[%clk 0:05:53]} 21. Bc3 {[%clk
0:09:58]} axb3 {[%clk 0:06:00]} 22. axb3 {[%clk 0:10:23]} Qb6 {[%clk 0:05:51]}
23. Qb2 {[%clk 0:08:51]} Ne4 {[%clk 0:04:10]} 24. Be1 {[%clk 0:06:31]} Bb4
{[%clk 0:01:31]} 25. Bxb4 {[%clk 0:05:08]} Qxb4 {[%clk 0:01:59]} 26. Kg1 {[%clk
0:03:20]} Ra8 {[%clk 0:02:09]} 27. Bxe4 {[%clk 0:02:55]} Bxe4 {[%clk 0:02:31]}
28. Qe2 {[%clk 0:03:05]} Bh7 {[%clk 0:02:05]} 29. Qxh5 {[%clk 0:02:53]} Qxb3
{[%clk 0:02:24]} 30. Qf3 {[%clk 0:02:08]} Qb4 {[%clk 0:02:00]} 31. Qe2 {[%clk
0:01:10]} Ra4 {[%clk 0:01:26]} 32. Ra1 {[%clk 0:00:51]} Rfa8 {[%clk 0:01:30]}
33. Rxa4 {[%clk 0:00:59]} Rxa4 {[%clk 0:01:47]} 34. Qh5 {[%clk 0:00:44]} Qe7
{[%clk 0:01:02]} 35. Rc1 {[%clk 0:00:32]} Be4 {[%clk 0:00:37]} 36. Re1 {[%clk
0:00:34]} Bh7 {[%clk 0:00:45]} 37. Qe2 {[%clk 0:00:36]} Qd6 {[%clk 0:00:32]}
38. Rd1 {[%clk 0:00:34]} f6 {[%clk 0:00:35]} 39. Nf3 {[%clk 0:00:33]} Kf7
{[%clk 0:00:52]} 40. Kf2 {[%clk 0:00:33]} Bf5 {[%clk 0:00:35]} 41. Nh4 {[%clk
0:28:01]} g6 {[%clk 0:19:23]} 1/2-1/2

[Event "Deutsche Ländermeisterschaft 2017"]
[Site "Hannover GER"]
[Date "2017.09.30"]
[Round "1"]
[White "Hommer, Jeremy"]
[Black "Nguyen, Ha Thanh"]
[Result "1-0"]
[Termination "normal"]
[Board "3.6"]
[WhiteElo "1948"]
[BlackElo "1919"]
[WhiteClock "00:39:48"]
[BlackClock "00:19:26"]
[WhiteTeam "Niedersachsen"]
[BlackTeam "Thüringen"]
[PlyCount "105"]
[WhiteFideId "12992577"]
[BlackFideId "12942154"]
[EventCountry "GER"]
[EventRounds "7"]
[EventType "team-swiss"]
[EventDate "2017.09.29"]

1. d4 Nf6 2. Bf4 {[%clk 1:31:04]} g6 {[%clk 1:30:51]} 3. e3 {[%clk 1:31:20]}
Bg7 {[%clk 1:30:25]} 4. h3 {[%clk 1:30:48]} d5 {[%clk 1:29:54]} 5. Bd3 {[%clk
1:30:26]} c6 {[%clk 1:24:02]} 6. c3 {[%clk 1:25:59]} b6 {[%clk 1:17:02]} 7. Qe2
{[%clk 1:23:19]} Bb7 {[%clk 1:14:48]} 8. Nf3 {[%clk 1:20:31]} O-O {[%clk
1:07:09]} 9. Nbd2 {[%clk 1:15:05]} c5 {[%clk 1:04:55]} 10. a4 {[%clk 1:12:25]}
Ne4 {[%clk 1:02:19]} 11. O-O {[%clk 1:08:42]} Qc8 {[%clk 0:55:28]} 12. Bh2
{[%clk 0:49:22]} Nd7 {[%clk 0:49:37]} 13. Rfd1 {[%clk 0:42:47]} Re8 {[%clk
0:40:56]} 14. Ne5 {[%clk 0:40:18]} Nxe5 {[%clk 0:28:43]} 15. dxe5 {[%clk
0:39:57]} Nxd2 {[%clk 0:25:53]} 16. Rxd2 {[%clk 0:38:44]} e6 {[%clk 0:22:38]}
17. Bg3 {[%clk 0:34:16]} Qd8 {[%clk 0:17:33]} 18. f4 {[%clk 0:31:37]} a6 {[%clk
0:12:25]} 19. Qf2 {[%clk 0:31:07]} Bf8 {[%clk 0:11:41]} 20. Bh4 {[%clk
0:31:30]} Be7 {[%clk 0:11:59]} 21. Bxe7 {[%clk 0:31:49]} Qxe7 {[%clk 0:12:24]}
22. Bc2 {[%clk 0:27:00]} Bc6 {[%clk 0:11:51]} 23. g4 {[%clk 0:25:56]} Qc7
{[%clk 0:09:36]} 24. h4 {[%clk 0:22:22]} Qe7 {[%clk 0:06:14]} 25. h5 {[%clk
0:18:11]} Ra7 {[%clk 0:03:56]} 26. Qg3 {[%clk 0:16:53]} Qc7 {[%clk 0:01:32]}
27. Rh2 {[%clk 0:15:52]} Qe7 {[%clk 0:01:00]} 28. Qh3 {[%clk 0:15:34]} g5
{[%clk 0:00:48]} 29. h6 {[%clk 0:15:09]} f6 {[%clk 0:00:39]} 30. exf6 {[%clk
0:13:50]} Qxf6 {[%clk 0:01:08]} 31. Rf1 {[%clk 0:13:35]} Rf8 {[%clk 0:00:52]}
32. Qh5 {[%clk 0:09:09]} Raf7 {[%clk 0:00:55]} 33. Rhf2 {[%clk 0:08:45]} Qe7
{[%clk 0:00:35]} 34. Qxg5+ {[%clk 0:06:47]} Qxg5 {[%clk 0:01:04]} 35. fxg5
{[%clk 0:07:16]} Rxf2 {[%clk 0:00:54]} 36. Rxf2 {[%clk 0:07:45]} Rxf2 {[%clk
0:00:42]} 37. Kxf2 {[%clk 0:08:14]} Be8 {[%clk 0:00:51]} 38. g6 {[%clk
0:07:53]} hxg6 {[%clk 0:00:44]} 39. g5 {[%clk 0:08:21]} Bf7 {[%clk 0:00:32]}
40. e4 {[%clk 0:08:09]} Kh7 {[%clk 0:30:21]} 41. exd5 {[%clk 0:38:58]} exd5
{[%clk 0:30:43]} 42. Ke3 {[%clk 0:39:10]} Be6 {[%clk 0:30:37]} 43. Kf4 {[%clk
0:39:27]} Bh3 {[%clk 0:30:41]} 44. Ke5 {[%clk 0:39:23]} Bg2 {[%clk 0:30:42]}
45. Bb3 {[%clk 0:39:15]} c4 {[%clk 0:30:30]} 46. Bc2 {[%clk 0:39:33]} Bf3
{[%clk 0:30:40]} 47. b3 {[%clk 0:38:13]} b5 {[%clk 0:24:21]} 48. axb5 {[%clk
0:38:41]} axb5 {[%clk 0:24:43]} 49. b4 {[%clk 0:39:07]} Bg2 {[%clk 0:24:53]}
50. Bd1 {[%clk 0:38:54]} Be4 {[%clk 0:21:21]} 51. Bg4 {[%clk 0:39:14]} Bf5
{[%clk 0:20:36]} 52. Bf3 {[%clk 0:39:23]} d4 {[%clk 0:19:26]} 53. Kxd4 {[%clk
0:39:48]} 1-0

[Event "Deutsche Ländermeisterschaft 2017"]
[Site "Hannover GER"]
[Date "2017.09.30"]
[Round "1"]
[White "Reuter, Elisa"]
[Black "Mönster, Madita"]
[Result "0-1"]
[Termination "normal"]
[Board "3.7"]
[WhiteElo "1910"]
[BlackElo "1730"]
[WhiteClock "00:32:31"]
[BlackClock "00:17:51"]
[WhiteTeam "Thüringen"]
[BlackTeam "Niedersachsen"]
[PlyCount "96"]
[WhiteFideId "12995444"]
[BlackFideId "12947156"]
[EventCountry "GER"]
[EventRounds "7"]
[EventType "team-swiss"]
[EventDate "2017.09.29"]

1. e4 {[%clk 1:30:58]} c5 {[%clk 1:30:46]} 2. Nf3 {[%clk 1:31:24]} d6 {[%clk
1:30:52]} 3. d4 {[%clk 1:31:48]} cxd4 {[%clk 1:31:15]} 4. Nxd4 {[%clk 1:32:15]}
Nf6 {[%clk 1:31:33]} 5. Nc3 {[%clk 1:32:41]} Nc6 {[%clk 1:31:49]} 6. g3 {[%clk
1:33:09]} e5 {[%clk 1:30:29]} 7. Nde2 {[%clk 1:33:22]} Be7 {[%clk 1:29:50]} 8.
Bg2 {[%clk 1:33:48]} O-O {[%clk 1:29:08]} 9. O-O {[%clk 1:34:14]} a6 {[%clk
1:26:01]} 10. a4 {[%clk 1:34:10]} Qc7 {[%clk 1:24:18]} 11. Nd5 {[%clk 1:32:23]}
Nxd5 {[%clk 1:23:13]} 12. exd5 {[%clk 1:32:43]} Nb8 {[%clk 1:21:58]} 13. c3
{[%clk 1:30:29]} Bg4 {[%clk 1:12:55]} 14. Be3 {[%clk 1:29:19]} Nd7 {[%clk
1:04:20]} 15. f3 {[%clk 1:27:38]} Bh5 {[%clk 1:01:12]} 16. Bf2 {[%clk 1:19:58]}
Qc4 {[%clk 0:45:25]} 17. b3 {[%clk 1:18:52]} Qc7 {[%clk 0:45:18]} 18. g4 {[%clk
1:15:11]} Bg6 {[%clk 0:45:14]} 19. b4 {[%clk 1:12:10]} h5 {[%clk 0:36:10]} 20.
h3 {[%clk 1:10:01]} hxg4 {[%clk 0:34:13]} 21. hxg4 {[%clk 1:09:38]} Nf6 {[%clk
0:33:17]} 22. Qd2 {[%clk 1:06:54]} e4 {[%clk 0:27:42]} 23. Ng3 {[%clk 1:01:45]}
exf3 {[%clk 0:25:17]} 24. Bxf3 {[%clk 1:01:34]} Qd7 {[%clk 0:23:12]} 25. Qd1
{[%clk 0:58:31]} Rfe8 {[%clk 0:19:57]} 26. Kg2 {[%clk 0:56:36]} Bf8 {[%clk
0:17:43]} 27. Qd4 {[%clk 0:54:17]} Re5 {[%clk 0:13:18]} 28. Rh1 {[%clk
0:51:54]} Bc2 {[%clk 0:07:25]} 29. Rh2 {[%clk 0:49:06]} g6 {[%clk 0:02:28]} 30.
Rah1 {[%clk 0:44:59]} Bg7 {[%clk 0:02:36]} 31. Qf4 {[%clk 0:44:13]} Nxd5 {[%clk
0:01:33]} 32. Bxd5 {[%clk 0:44:08]} Rxd5 {[%clk 0:01:58]} 33. Bd4 {[%clk
0:42:21]} Qc6 {[%clk 0:00:44]} 34. Kg1 {[%clk 0:42:14]} Rxd4 {[%clk 0:00:40]}
35. cxd4 {[%clk 0:42:27]} Re8 {[%clk 0:00:40]} 36. Rf2 {[%clk 0:37:13]} Bb3
{[%clk 0:00:32]} 37. b5 {[%clk 0:25:29]} axb5 {[%clk 0:00:39]} 38. axb5 {[%clk
0:25:54]} Qxb5 {[%clk 0:00:43]} 39. Ne4 {[%clk 0:20:09]} Bd5 {[%clk 0:00:43]}
40. Nd2 {[%clk 0:17:01]} Re7 {[%clk 0:00:33]} 41. Rh3 {[%clk 0:14:56]} Qb6
{[%clk 0:25:11]} 42. Rd3 {[%clk 0:43:07]} Qa6 {[%clk 0:25:02]} 43. Qg3 {[%clk
0:42:27]} b5 {[%clk 0:22:07]} 44. Ra3 {[%clk 0:34:21]} Qb6 {[%clk 0:21:47]} 45.
Nf3 {[%clk 0:32:58]} Bxd4 {[%clk 0:17:15]} 46. Nxd4 {[%clk 0:33:09]} Qxd4
{[%clk 0:17:36]} 47. Rd3 {[%clk 0:32:26]} Re1+ {[%clk 0:17:38]} 48. Kh2 {[%clk
0:32:31]} Rh1# {[%clk 0:17:51]} 0-1

[Event "Deutsche Ländermeisterschaft 2017"]
[Site "Hannover GER"]
[Date "2017.09.30"]
[Round "1"]
[White "Reichelt, Lena"]
[Black "Schubert, Nikita"]
[Result "0-1"]
[Termination "normal"]
[Board "3.8"]
[WhiteElo "1502"]
[BlackElo "1842"]
[WhiteClock "00:01:25"]
[BlackClock "00:01:19"]
[WhiteTeam "Niedersachsen"]
[BlackTeam "Thüringen"]
[PlyCount "58"]
[WhiteFideId "12981184"]
[BlackFideId "16212339"]
[EventCountry "GER"]
[EventRounds "7"]
[EventType "team-swiss"]
[EventDate "2017.09.29"]

1. d4 {[%clk 1:30:57]} Nf6 {[%clk 1:30:55]} 2. Nf3 {[%clk 1:31:01]} e6 {[%clk
1:31:12]} 3. e3 {[%clk 1:31:10]} b6 {[%clk 1:30:24]} 4. c4 {[%clk 1:30:18]} Bb7
{[%clk 1:29:27]} 5. Bd3 {[%clk 1:28:16]} c5 {[%clk 1:26:45]} 6. O-O {[%clk
1:25:14]} cxd4 {[%clk 1:18:02]} 7. exd4 {[%clk 1:25:21]} Be7 {[%clk 1:17:57]}
8. Nc3 {[%clk 1:23:13]} O-O {[%clk 1:08:17]} 9. d5 {[%clk 1:20:30]} d6 {[%clk
0:58:47]} 10. Re1 {[%clk 1:14:15]} e5 {[%clk 0:55:17]} 11. b3 {[%clk 1:07:02]}
Na6 {[%clk 0:48:37]} 12. Ba3 {[%clk 1:04:41]} Nc5 {[%clk 0:38:43]} 13. Bxc5
{[%clk 1:04:24]} bxc5 {[%clk 0:39:01]} 14. Qc2 {[%clk 1:00:11]} g6 {[%clk
0:28:34]} 15. Qc1 {[%clk 0:44:30]} Re8 {[%clk 0:26:31]} 16. Rb1 {[%clk
0:33:54]} Nd7 {[%clk 0:16:48]} 17. a3 {[%clk 0:27:37]} f5 {[%clk 0:15:01]} 18.
Bf1 {[%clk 0:27:00]} a6 {[%clk 0:13:36]} 19. b4 {[%clk 0:25:39]} Bf6 {[%clk
0:12:51]} 20. Na4 {[%clk 0:23:43]} Rb8 {[%clk 0:10:59]} 21. Rb3 {[%clk
0:20:09]} e4 {[%clk 0:09:39]} 22. Nd2 {[%clk 0:19:42]} Bd4 {[%clk 0:09:46]} 23.
g3 {[%clk 0:17:53]} Ba8 {[%clk 0:06:35]} 24. Qb1 {[%clk 0:16:19]} Qg5 {[%clk
0:05:28]} 25. Qa2 {[%clk 0:06:19]} Ne5 {[%clk 0:05:10]} 26. Bg2 {[%clk
0:03:32]} Ng4 {[%clk 0:03:18]} 27. Re2 {[%clk 0:01:45]} e3 {[%clk 0:02:55]} 28.
fxe3 {[%clk 0:01:22]} Bxe3+ {[%clk 0:01:58]} 29. Kh1 {[%clk 0:01:25]} Bxd2
{[%clk 0:01:19]} 0-1

[Event "Deutsche Ländermeisterschaft 2017"]
[Site "Hannover GER"]
[Date "2017.09.30"]
[Round "1"]
[White "Sawlin, Leonid"]
[Black "Niermann, Tristan"]
[Result "1-0"]
[Termination "normal"]
[Board "4.1"]
[WhiteTitle "FM"]
[WhiteElo "2364"]
[BlackElo "2277"]
[WhiteClock "01:08:01"]
[BlackClock "00:12:40"]
[WhiteTeam "Berlin"]
[BlackTeam "Nordrhein-Westfalen"]
[PlyCount "105"]
[WhiteFideId "4689542"]
[BlackFideId "12990698"]
[EventCountry "GER"]
[EventRounds "7"]
[EventType "team-swiss"]
[EventDate "2017.09.29"]

1. e4 {[%clk 1:30:57]} e5 {[%clk 1:30:56]} 2. Nf3 {[%clk 1:31:18]} Nc6 {[%clk
1:31:22]} 3. Bc4 {[%clk 1:31:41]} Nf6 {[%clk 1:31:34]} 4. d3 {[%clk 1:32:04]}
h6 {[%clk 1:31:49]} 5. c3 {[%clk 1:31:45]} d6 {[%clk 1:32:12]} 6. a4 {[%clk
1:31:24]} g5 {[%clk 1:30:07]} 7. a5 {[%clk 1:23:30]} a6 {[%clk 1:29:03]} 8. Qb3
{[%clk 1:22:36]} Qe7 {[%clk 1:27:44]} 9. Nbd2 {[%clk 1:22:29]} Bg7 {[%clk
1:26:45]} 10. Nf1 {[%clk 1:22:29]} O-O {[%clk 1:23:07]} 11. Ng3 {[%clk
1:21:37]} Rb8 {[%clk 1:20:24]} 12. h4 {[%clk 1:18:59]} g4 {[%clk 1:17:33]} 13.
Nh2 {[%clk 1:19:18]} Qd8 {[%clk 1:11:11]} 14. Nhf1 {[%clk 1:17:41]} Ne7 {[%clk
1:08:55]} 15. Ne3 {[%clk 1:10:09]} c6 {[%clk 1:05:30]} 16. Qd1 {[%clk 1:09:10]}
d5 {[%clk 1:01:35]} 17. Bb3 {[%clk 1:09:03]} Be6 {[%clk 0:58:48]} 18. h5 {[%clk
1:08:03]} Qd7 {[%clk 0:56:36]} 19. Rh4 {[%clk 1:06:31]} Rbd8 {[%clk 0:50:29]}
20. Qe2 {[%clk 1:05:18]} c5 {[%clk 0:39:39]} 21. c4 {[%clk 0:53:56]} dxe4
{[%clk 0:33:42]} 22. dxe4 {[%clk 0:54:11]} Qc7 {[%clk 0:27:07]} 23. Nd5 {[%clk
0:53:43]} Nfxd5 {[%clk 0:26:57]} 24. cxd5 {[%clk 0:53:09]} Bd7 {[%clk 0:23:22]}
25. Be3 {[%clk 0:52:12]} Rc8 {[%clk 0:19:43]} 26. Qd2 {[%clk 0:52:14]} Qd6
{[%clk 0:18:49]} 27. Bd1 {[%clk 0:52:03]} f5 {[%clk 0:16:31]} 28. exf5 {[%clk
0:52:00]} Qxd5 {[%clk 0:15:34]} 29. Bxh6 {[%clk 0:51:33]} Qxd2+ {[%clk
0:11:42]} 30. Bxd2 {[%clk 0:51:59]} Nxf5 {[%clk 0:09:51]} 31. Nxf5 {[%clk
0:50:39]} Bxf5 {[%clk 0:09:49]} 32. Bxg4 {[%clk 0:51:02]} e4 {[%clk 0:07:46]}
33. Bc3 {[%clk 0:47:56]} Bd4 {[%clk 0:06:34]} 34. Be2 {[%clk 0:43:07]} Kh7
{[%clk 0:04:27]} 35. Rd1 {[%clk 0:42:37]} Rcd8 {[%clk 0:02:38]} 36. Rf4 {[%clk
0:42:59]} Kg7 {[%clk 0:00:56]} 37. Bxd4+ {[%clk 0:42:38]} cxd4 {[%clk 0:01:16]}
38. Bg4 {[%clk 0:41:08]} Bh7 {[%clk 0:01:04]} 39. Rxf8 {[%clk 0:40:49]} Kxf8
{[%clk 0:01:23]} 40. Rc1 {[%clk 0:40:46]} Rd5 {[%clk 0:00:38]} 41. Rc8+ {[%clk
0:38:26]} Kg7 {[%clk 0:00:48]} 42. b4 {[%clk 0:38:21]} d3 {[%clk 0:25:19]} 43.
Kd2 {[%clk 1:07:02]} Rd4 {[%clk 0:25:02]} 44. Kc3 {[%clk 1:06:39]} Rd6 {[%clk
0:17:44]} 45. Rc7+ {[%clk 1:06:52]} Kh8 {[%clk 0:16:11]} 46. Rxb7 {[%clk
1:06:25]} d2 {[%clk 0:15:08]} 47. Bd1 {[%clk 1:06:17]} Rd3+ {[%clk 0:13:38]}
48. Kb2 {[%clk 1:06:46]} Bg8 {[%clk 0:12:27]} 49. b5 {[%clk 1:06:56]} Rb3+
{[%clk 0:11:57]} 50. Bxb3 {[%clk 1:07:06]} Bxb3 {[%clk 0:12:24]} 51. Rd7 {[%clk
1:07:32]} d1=Q {[%clk 0:12:17]} 52. Rxd1 {[%clk 1:08:01]} Bxd1 {[%clk 0:12:40]}
53. b6 1-0